000 00465nam a2200157Ia 4500
008 090124s9999 xx 000 0 und d
082 _b102439
245 _a केवळ स्वराज्यासाठी
250 _a1
260 _c1946
300 _a110
630 _a केवळ स्वराज्यासाठी
700 _aजोशी वा. म.
730 _a केवळ स्वराज्यासाठी
942 _cBOOK
999 _c148531
_d148531